| 000 | 00877nam a22002657a 4500 | ||
|---|---|---|---|
| 001 | 2224 | ||
| 003 | FISKH | ||
| 005 | 20231110150726.0 | ||
| 008 | 231110b cb ||||| |||| 00| 0 eng d | ||
| 020 | _a9780545054560 | ||
| 040 |
_aFISKH _beng _cFISKH _dFISKH |
||
| 050 | _aPZ7.M85354 | ||
| 082 | _a823.92 | ||
| 100 | _aMoss, Olivia | ||
| 245 |
_aDazzle's first day / _cby Olivia Moss ; illustrated by Helen Turner. |
||
| 260 |
_aNew York ; _bScholastic, _c2008. |
||
| 300 |
_a70 pages : _billustrations ; _c20 cm |
||
| 490 |
_aButterfly meadow _vBook 1 |
||
| 505 | _aN | ||
| 520 | _aDazzle is a brand-new butterfly, fresh out of her cocoon. She doesn't know how to fly, and she's all alone! But Butterfly Meadow could be just what Dazzle is looking for. | ||
| 521 | 8 |
_a580
_bLexile |
|
| 521 | 8 |
_aN
_bRaz-Plus |
|
| 650 | _aButterfly | ||
| 942 |
_2ddc _cBK _n0 |
||
| 999 |
_c2224 _d2224 |
||